000 00451nam a2200169Ia 4500
008 230718s9999 xx 000 0 und d
020 _a9789353024550
041 _aeng
082 _a796.358'8
_bDAS
100 _aDas S.
245 _aFree Hit
_bThe Story Of Women's Cricket In India
260 _c2019
_bHarper Sport
300 _a260
365 _cRs.
_b499.00
700 _aDas S.
906 _dO:0644012-Mar-2019B:505522-Feb-2019
_cGENRL
_b109.78
999 _c349769
_d349769